Principles of business : (Record no. 1704)
[ view plain ]
| 000 -LEADER | |
|---|---|
| fixed length control field | 03366cam a2200421 i 4500 |
| 001 - CONTROL NUMBER | |
| control field | data |
| 005 - DATE AND TIME OF LATEST TRANSACTION | |
| control field | 20260322212113.0 |
| 008 - FIXED-LENGTH DATA ELEMENTS--GENERAL INFORMATION | |
| fixed length control field | data |
| 035 ## - SYSTEM CONTROL NUMBER | |
| System control number | 20638519 |
| 010 ## - LIBRARY OF CONGRESS CONTROL NUMBER | |
| LC control number | 2017278349 |
| 020 ## - INTERNATIONAL STANDARD BOOK NUMBER | |
| International Standard Book Number | 9781682176016 |
| Qualifying information | (hardcover) |
| 020 ## - INTERNATIONAL STANDARD BOOK NUMBER | |
| International Standard Book Number | 1682176010 |
| Qualifying information | (hardcover) |
| 035 ## - SYSTEM CONTROL NUMBER | |
| System control number | (OCoLC)1001979662 |
| 040 ## - CATALOGING SOURCE | |
| Original cataloging agency | DON |
| Language of cataloging | eng |
| Transcribing agency | DON |
| Description conventions | rda |
| Modifying agency | DLC |
| -- | VXI |
| -- | OCLCF |
| -- | UAB |
| -- | BTCTA |
| -- | ZYU |
| -- | EEK |
| -- | SEO |
| -- | DLC |
| 042 ## - AUTHENTICATION CODE | |
| Authentication code | lccopycat |
| 050 00 - LIBRARY OF CONGRESS CALL NUMBER | |
| Classification number | HB615 |
| Item number | .P756 2017 |
| 082 04 - DEWEY DECIMAL CLASSIFICATION NUMBER | |
| Classification number | 658.421 |
| Edition information | 23 |
| 245 00 - TITLE STATEMENT | |
| Title | Principles of business : |
| Name of part/section of a work | Entrepreneurship / |
| Statement of responsibility, etc. | The Editors at Salem Press. |
| 246 30 - VARYING FORM OF TITLE | |
| Title proper/short title | Entrepreneurship |
| 250 ## - EDITION STATEMENT | |
| Edition statement | [First edition]. |
| 264 #1 - PRODUCTION, PUBLICATION, DISTRIBUTION, MANUFACTURE, AND COPYRIGHT NOTICE | |
| Place of production, publication, distribution, manufacture | Amenia, NY : |
| Name of producer, publisher, distributor, manufacturer | Grey House Publishing, |
| Place of production, publication, distribution, manufacture | Amenia, NY : |
| Name of producer, publisher, distributor, manufacturer | Grey House Publishing, |
| Date of production, publication, distribution, manufacture, or copyright notice | [2017] |
| 264 #4 - PRODUCTION, PUBLICATION, DISTRIBUTION, MANUFACTURE, AND COPYRIGHT NOTICE | |
| Date of production, publication, distribution, manufacture, or copyright notice | ©2017 |
| 300 ## - PHYSICAL DESCRIPTION | |
| Extent | xvi, 387 pages : |
| Other physical details | illustrations ; |
| Dimensions | 26 cm. |
| 336 ## - CONTENT TYPE | |
| Content type term | text |
| Content type code | txt |
| Source | rdacontent |
| 337 ## - MEDIA TYPE | |
| Media type term | unmediated |
| Media type code | n |
| Source | rdamedia |
| 338 ## - CARRIER TYPE | |
| Carrier type term | volume |
| Carrier type code | nc |
| Source | rdacarrier |
| 490 0# - SERIES STATEMENT | |
| Series statement | Principles of business |
| 504 ## - BIBLIOGRAPHY, ETC. NOTE | |
| Bibliography, etc. note | Includes bibliographical references and index. |
| 505 0# - FORMATTED CONTENTS NOTE | |
| Formatted contents note | Authentic leadership -- Brand management -- Business, ethics, & society -- Business forecasting -- Business planning & entrepreneurship -- Business strategy and policy -- Buyer behavior -- Community reinvestment -- Competitive strategy -- Conflict management -- Consumer & organizational buyer behavior -- Contract theory -- Corporate development: mergers & acquisitions -- Corporate financial management -- Corporate financial strategy -- Corporate leaders as volunteers -- Corporate strategy -- Creativity -- Current issues in entrepreneurship -- Decision making -- Direct e-marketing -- Disruptive innovation -- Entrepreneurial marketing -- Executive compensation -- Executive leadership -- Family business strategy -- Financial management in business -- Financing the corporation -- Forecasting techniques -- Human resources for the emerging firm -- Inclusive leadership -- Information, strategy, & economics -- Innovation leadership -- Intrapreneurship -- Launching new ventures through technology -- Leadership -- Leadership & motivation -- Managerial economics -- Mergers & acquisitions -- Mobile applications & business -- Negotiations -- New product management -- New ventures & the law -- Open innovation -- Organizational life cycle -- Personality traits of entrepreneurs -- Principles of advertising -- Product innovation -- Product life cycle -- Real estate entrepreneurship -- Risk management & insurance -- Servant leadership -- Small business taxation -- Social entrepreneurship -- Social media & businesses -- Stakeholder theory & analysis -- Strategic implementation -- Strategies & practices of family-controlled businesses -- Teams & team building -- Technological innovation -- Technological innovation & entrepreneurs -- Transformational leadership -- Types of business organizations -- Venture capital & entrepreneurial management -- Venture capital & the finance of innovation. |
| 588 ## - SOURCE OF DESCRIPTION NOTE | |
| Source of description note | Edition statement supplied by publisher. |
| 650 #0 - SUBJECT ADDED ENTRY--TOPICAL TERM | |
| Topical term or geographic name entry element | Entrepreneurship. |
| 650 #0 - SUBJECT ADDED ENTRY--TOPICAL TERM | |
| Topical term or geographic name entry element | Entrepreneurship |
| General subdivision | Management. |
| 650 #7 - SUBJECT ADDED ENTRY--TOPICAL TERM | |
| Topical term or geographic name entry element | Entrepreneurship. |
| Source of heading or term | fast |
| Authority record control number or standard number | (OCoLC)fst00912787 |
| 710 2# - ADDED ENTRY--CORPORATE NAME | |
| Corporate name or jurisdiction name as entry element | Salem Press, |
| Relator term | editor. |
| 906 ## - LOCAL DATA ELEMENT F, LDF (RLIN) | |
| a | 7 |
| b | cbc |
| c | copycat |
| d | 2 |
| e | ncip |
| f | 20 |
| g | y-gencatlg |
| 925 0# - | |
| -- | acquire |
| -- | 1 shelf copies |
| -- | policy default |
| Withdrawn status | Lost status | Damaged status | Not for loan | Home library | Current library | Shelving location | Date acquired | Total checkouts | Full call number | Barcode | Date last seen | Price effective from | Koha item type |
|---|---|---|---|---|---|---|---|---|---|---|---|---|---|
| Springfield | Springfield | General stacks | 22/03/2026 | 658.421 | LOC-SPL-00047 | 22/03/2026 | 22/03/2026 | Books |